Statistics for Once And For All - Newsies The Musical - Lyrics

Click here to take the quiz!

General Stats

  • This quiz has been taken 21 times
  • The average score is 314 of 405

Answer Stats

CharacterLyrics% Correct
a
100%
A
100%
are
100%
for
100%
the
100%
EnsembleThis
100%
this
100%
to
100%
To
100%
we
100%
You
100%
you
100%
you,
100%
all
93%
all!)
93%
all!
93%
Jack, Davey & KatherineAnd
93%
and
93%
In
93%
in
93%
is
93%
on,
93%
on
93%
(Once
93%
All | Davey | Jack | +2 othersOnce
93%
once
93%
we're
93%
We're
93%
change
86%
come!
86%
JackCome
86%
come
86%
coming
86%
day
86%
new
86%
news
86%
no
86%
of
86%
EnsembleSee
86%
see
86%
JackThere's
86%
They
86%
they
86%
time
86%
We'll
86%
well
86%
we'll
86%
who
86%
With
86%
with
86%
about
79%
As
79%
as
79%
be
79%
by
79%
damn
79%
front
79%
gonna
79%
He
79%
if
79%
it
79%
major
79%
makes
79%
man
79%
man,
79%
old,
79%
old
79%
or
79%
page
79%
seizing
79%
stay
79%
story
79%
Talk
79%
their
79%
They're
79%
they're
79%
us
79%
what
79%
will
79%
your
79%
ain't
71%
blood
71%
either
71%
far
71%
fight
71%
RaceHere
71%
hours
71%
ink
71%
It's
71%
kept
71%
kids
71%
lose
71%
needed
71%
out
71%
pay!
71%
ready
71%
same
71%
shining
71%
shoes
71%
Jack & DaveyTomorrow
71%
too
71%
war
71%
way
71%
without
71%
write
71%
JackWrite
71%
begging
64%
but
64%
But
64%
call!
64%
counting
64%
dawn's
64%
doubt
64%
down
64%
early
64%
feet
64%
few
64%
getting
64%
Getting
64%
his
64%
keep
64%
light
64%
more
64%
pillows
64%
Pulitzer
64%
rise
64%
sheep
64%
shut
64%
sight,
64%
sing
64%
sleep
64%
star,
64%
stop
64%
street
64%
sure
64%
survive
64%
they'll
64%
think
64%
town
64%
under
64%
wall
64%
While
64%
world
64%
ya
64%
Armies
57%
banners
57%
bed
57%
bleed
57%
NewsiesBleed
57%
bread
57%
can
57%
carry
57%
don't
57%
everyday
57%
freedom
57%
gone!
57%
got
57%
guys
57%
head
57%
holding
57%
Joe
57%
Joe,
57%
lies
57%
look
57%
running
57%
satin
57%
sick
57%
Ten
57%
(Ten
57%
that
57%
thousand
57%
weak
57%
we's
57%
won't
57%
you're
57%
You're
57%
air!
50%
alive
50%
away
50%
bosses
50%
care
50%
cops
50%
dead
50%
'em!
50%
fair,
50%
fists)
50%
fists
50%
play
50%
promise
50%
shops
50%
spell
50%
square
50%
square)
50%
sweating
50%
there'll
50%
Yeah!
50%
brawl
43%
manners
43%
raising
43%
raring
43%
slugs
43%
stakes
43%
standing
43%
sticks
43%
takes!
43%
tall
43%
Three
43%
thugs
43%
'Til
43%
union
43%
whatever
43%
You've
43%
gunning
36%
seeing
36%
snug
36%
boys!
29%
NewsiesFinally
29%
Glaring
29%
I'm
29%
awakes,
21%
find
7%

Score Distribution

Percentile by Number Answered

Percent of People with Each Score

Your Score History

You have not taken this quiz